000 00310nam a22001217a 4500
999 _c147449
_d147449
082 _a954.03
_bNOL/H.2
100 _aNolan E H
245 _aHistory of the british empire in India and the east (v.2)/
_cby Nolan E H.
260 _aNew Delhi:
_bDiscover,
_c1987.
300 _a774p.
650 _a
942 _cBK